| 000 | 00888nam a22002657a 4500 | ||
|---|---|---|---|
| 999 |
_c5233 _d5233 |
||
| 001 | 14811 | ||
| 003 | BD-DhUAP | ||
| 005 | 20201205102122.0 | ||
| 008 | 201205r19872005nyua|||| |||| 001 0 eng d | ||
| 020 | _a0824775880 | ||
| 040 |
_aBD-DhUAP _bEng _cBD-DhUAP _dBD-DhUAP |
||
| 082 |
_223 _a615.19 CON |
||
| 245 |
_aControlled drug delivery : _bfundamentals and applications / _cedited by Joseph R. Robinson and Vincent H. L. Lee. |
||
| 250 | _a2nd rev. & expanded ed. | ||
| 260 |
_aNew York : _bMarcel Dekker, _c1987 [Reprinted 2005]. |
||
| 300 |
_axix. 716 pages : _billustrations ; _c25 cm. |
||
| 490 |
_aDrugs and the pharmaceutical sciences, _v29. |
||
| 500 | _aIncludes index. | ||
| 650 |
_aDrugs _vDosage forms. |
||
| 650 |
_aDelayed _vaction preparations. |
||
| 650 | _aDosage Forms. | ||
| 700 | _aRobinson, Joseph R. | ||
| 700 | _aLee, Vincent H. L. | ||
| 942 |
_2ddc _cBK |
||